000 00904nam a2200241 a 4500
001 000044552
003 DO-SdBNP
005 20250701130549.0
007 ta
008 140714s2015 dr ac 000 0 spa d
020 _a9789945891737
040 _aDO-SdBNP
_bspa
_cBNPHU
082 _a001.434
_bC749
111 2 _aCongreso Internacional de Investigación Científica
_n(11o. : 2015 :
_d10-12 de junio
_cBiblioteca Pedro Mir, Santo Domingo)
_972565
245 1 0 _aXI congreso internacional de investigación científica :
_bprograma y libro de resúmenes
260 _aSanto Domingo :
_bMESCYT,
_c2015.
300 _a305 p. :
_bil.,. ;
_c29 cm.
590 _aInventariado, 2022 / DG
650 4 _aInvestigación científica
_xCongresos, conferencias, etc.
_956808
710 1 _aRepública Dominicana.
_bMinisterio de Educación Superior, Ciencia y Tecnología
_972559
910 _aDG
942 _2ddc
_cLBS1
999 _c52872
_d52872